Illustriertes Schraubenwörterbuch Ilustrovaný skrutkársky slovník /

Salvato in:
Dettagli Bibliografici
Autore principale: Dominik, Jozef
Natura: Libro
Lingua:tedesco
Pubblicazione: Žilina Arian s.r.o. 2008
Edizione:1. vyd.
Soggetti:
Tags: Aggiungi Tag
Nessun Tag, puoi essere il primo ad aggiungerne!!

MARC

LEADER 00000nam a22000003a 4500
001 0090481
003 SK-STU
005 20210924103406.8
007 ta
008 210924s ----xo-----e------000-0-----d
020 |a 978-80-969999-7-2 
040 |a STU  |b slo 
041 0 |a ger 
100 1 |a Dominik, Jozef 
245 1 0 |a Illustriertes Schraubenwörterbuch  |b Ilustrovaný skrutkársky slovník /  |c Jozef Dominik 
250 |a 1. vyd. 
260 |a Žilina  |b Arian s.r.o.  |c 2008 
300 |a 115 s. 
650 0 7 |a Vŕtanie-skrutky 
650 0 7 |a skrutky 
996 |b 284J046390  |c J* 119023  |l JJSK  |s A  |a 24  |w 0090481_0001